Clubs formateurs des Champions du Monde 1998 (Football H) - Statistiques

Statistiques générales
  • Ce quiz a été pris 370 fois
  • Le résultat moyen est 9 sur 22
Statistiques - réponses
Personnes Clubs % Correct
Zinedine Zidane Cannes
83%
Thierry Henry Monaco
77%
Didier Deschamps Nantes
63%
Bixente Lizarazu Bordeaux
61%
Christophe Dugarry Bordeaux
55%
Fabien Barthez Toulouse
55%
Marcel Desailly Nantes
54%
Robert Pirès Metz
52%
Laurent Blanc Montpellier
52%
Lionel Charbonnier Auxerre
46%
Lilian Thuram Monaco
46%
Emmanuel Petit Monaco
46%
Christian Karembeu Nantes
41%
Bernard Diomède Auxerre
34%
Patrick Vieira Cannes
31%
Stéphan Guivarc'h Brest
21%
Alain Boghossian Marseille
21%
Bernard Lama Lille
20%
Vincent Candela Toulouse
15%
Youri Djorkaeff Grenoble
13%
Frank Leboeuf Laval
12%
David Trézeguet Platense
2%
Aucun quiz correspondant
Distribution des résultats
% des personnes avec chaque résultat
Percentile par nombre de réponses
Votre historique - résultats
Vous n’avez pas pris ce quiz